Statistics for Guess the Song from the Music Video Picture

Click here to take the quiz!

General Stats

  • This quiz has been taken 49 times
  • The average score is 7 of 10

Answer Stats

Answer% Correct
Thriller
96%
Gangnam Style
91%
Bohemian Rhapsody
85%
Single Ladies
78%
Somebody That I Used To Know
72%
Umbrella
70%
Jailhouse Rock
67%
Lose Yourself
63%
California Gurls
61%
Hey Ya!
61%

Score Distribution

Percentile by Number Answered

Percent of People with Each Score

Your Score History

You have not taken this quiz